000 00882cam a2200289 4500
008 090401t1996 xxu||||| |||| 00| 0 eng d
020 _a0112430058
035 _a(Sirsi) u69651
041 _aeng
050 _a630.0212
110 _aMinistry of Agriculture Fisheries and Food
245 _aFarm incomes in the United Kingdom 1994/95.
260 _aLondon
_bHMSO
_c1996
300 _avi,134p. ; 30cm.
350 _a28
520 _aUses information from the Farm Business Survey.
650 _aFARM BUSINESS SURVEY
650 _aFARM INCOMES
650 _aFARMING
650 _aSTATISTICS
690 _aRURAL PRACTICE
710 _aScottish Office
_bAgriculture, Environment and Fisheries Department
_91894
710 _aDepartment of Agriculture for Northern Ireland
_9119
710 _aUnited Kingdom
_bWelsh Office
_91214
942 _n0
948 _c04/03/1997
999 _c95222
_d95222